| 000 | 00665nam a22002297a 4500 | ||
|---|---|---|---|
| 999 |
_c8196 _d8196 |
||
| 003 | AR-CdUCM | ||
| 008 | 190322b ||||| |||| 00| 0 spa d | ||
| 040 |
_aMUNICIPALIDAD PROVINCIAL DEL CUSCO _cBIBLIOTECA MUNICIPAL DEL CUSCO |
||
| 082 |
_a869.56 / _bL65 |
||
| 100 |
_aLindo, Hugo _923108 |
||
| 245 | _aCarpetas salvadoreñas / | ||
| 260 |
_aLima : _bPublicaciones de la legación de el Salvador, _c1956. |
||
| 300 |
_a22 hojas ; _c22 cm. |
||
| 440 |
_aLegación de el Salvador _n9 _923109 |
||
| 500 | _aPoesia | ||
| 650 |
_aPoesia _91598 |
||
| 650 |
_aLiteratura _983 |
||
| 650 |
_aPerú _935 |
||
| 650 |
_aSiglo XX _98 |
||
| 942 |
_2ddc _cLIBROS |
||
| 945 | _apjha | ||